| 000 | 00545nam a2200157Ia 4500 | ||
|---|---|---|---|
| 003 | SGT | ||
| 020 | _a9788177588279 | ||
| 082 |
_a6.6 _bBUF |
||
| 100 | _aKoegel Buford, John F | ||
| 245 | _aMultimedia systems | ||
| 260 |
_bPearson _aN.Delhi _c2013 |
||
| 300 | _a462p. | ||
| 650 | _aCOMPUTER SCIENCE | ||
| 653 | _aUSES OF MULTIMEDIA INFORMATION , THE CONVERGENCE OF COMPUTERS , COMMUNICATIONS ENTERTAINMENT PRODUCTS,ARCHITECTURES AND ISSUES FOR DISTRIBUTED,MEDIA AND TIME, VIDEO TECHNOLOGY DIGITAL VIDEO AND IMAGE COMPRESSION | ||
| 942 |
_2ddc _cBK |
||
| 999 |
_c5785 _d5785 |
||